000 00224 a2200097 4500
001 13794
100 _aCambridge
245 _aThe Cambridge four Figure
260 _aCambridge
_bCambridge University
_c
090 _c10783
_d10783
942 _aNUST-CAE
_cM
_c873
999 _c248867
_d248867